Positive Economics
Gespeichert in:
| 1. Verfasser: | |
|---|---|
| Format: | Buch |
| Sprache: | Englisch |
| Veröffentlicht: |
London
Weidenfeld and Nicolson
1979
|
| Ausgabe: | 5. ed. |
| Tags: |
Keine Tags, Fügen Sie das erste Tag hinzu!
|
MARC
| LEADER | 00000nam a2200000 4500 | ||
|---|---|---|---|
| 001 | c022856 | ||
| 005 | 20250609120051.8 | ||
| 041 | 0 | |a eng | |
| 044 | |a GB | ||
| 245 | 1 | 0 | |a Positive Economics |c Richard G. Lipsey |
| 250 | |a 5. ed. | ||
| 264 | 1 | |a London |b Weidenfeld and Nicolson |c 1979 | |
| 300 | |a 810 s. | ||
| 100 | 1 | |a Lipsey, Richard G. | |